000 00493nam a2200181Ia 4500
001 3449
005 20260306145644.0
008 260306t2014||||xx |||||||||||||| ||spa||
041 _aESP
082 _a278.5092
_bS66
100 _aSols Lucia, José
_eAUT
245 0 _aLas razones de Ellacuría:
_ben el 25 aniversario del martirio de los jesuitas de la UCA 81989-2014)
260 _c2014
300 _a32 páginas :
_c20 cm.
650 _aGEN
654 _aCHU
942 _cLIB
_dJUS
_fJUS
_2ddc
_n
999 _c3449
_d3449